00423cam a22001217a 4500008003600000082001700036100002500053245005400078260004800132300001200180999001900192952009000211180718b xxu||||| |||| 00| 0 eng d aR8x5-48/sr31 aSarvaloganayagam, V. aTrade unions in Sri Lankacby V. Sarvaloganayagam aCeylonbAcademy of Administrative Studiesc aix, 48p c496456d496456 00104070aIIPAbIIPAd2018-08-04oR8x5-48/sr31pGR10358r2018-08-04w2018-08-04yGR